000 00602nam a2200253Ia 4500
005 20260121153845.0
008 008 260114s9999 xx 000 0 eng d
020 _a9780203215074
037 _aEBOOK
040 _aCRL
040 _beng
040 _cCRL
041 _2eng
041 _aeng
084 _qCRL
100 _aMichael Sheppard
_9999994
245 0 _aMental Health Work In The Community
260 _bTaylor and Francis
260 _c1991
856 _uhttp://www.taylorfrancis.com/books/9780203215074
942 _cEBOOK
999 _c1566815
_d1566815